عرض عادي عرض مارك
  • مؤتمر الأرشيف والمكتبة الوطنية الدولي للترجمة

دخول Meeting Name

عدد التسجيلات المستخدمة: 1

001 - CONTROL NUMBER

  • control field: 29872

003 - CONTROL NUMBER IDENTIFIER

  • control field: AE-AdECS

005 - DATE AND TIME OF LATEST TRANSACTION

  • control field: 20260511080804.0

008 - FIXED-LENGTH DATA ELEMENTS

  • fixed length control field: 260511|| aca||aabn | a|a d

040 ## - CATALOGING SOURCE

  • Original cataloging agency: AE-AdECS
  • Transcribing agency: AE-AdECS

111 ## - HEADING--MEETING NAME

  • Meeting name or jurisdiction name as entry element: مؤتمر الأرشيف والمكتبة الوطنية الدولي للترجمة
  • Number of part/section/meeting: (3 :
  • Date of meeting or treaty signing: 2023 :
  • Location of meeting: أبوظبي)

670 ## - SOURCE DATA FOUND

  • Source citation: Work cat.: (AE-AdECS)295095: مؤتمر الأرشيف والمكتبة الوطنية الدولي للترجمة (3 : 2023 : أبوظبي), الذكاء الاصطناعي بين الترجمة وإثراء المكتبات الوطنية (أبوظبي 8-9 مارس 2023) :

أبوظبي، الإمارات العربية المتحدة

reference@ecssr.ae

97124044780 +

حقوق النشر © 2026 مركز الإمارات للدراسات والبحوث الاستراتيجية جميع الحقوق محفوظة